000 00643nam a2200241 i 4500
001 C2-0274265
003 PPAK
005 20180728003348.0
008 060918s1981 nyua|||| ||||| | eng d
020 _a0590254804
040 _aPPAK
_beng
_cPPAK
_erda
082 0 4 _a823
_223
090 0 0 _a823
_bLEW
_dK
100 1 _aLewis, C.S.,
_eauthor
245 1 4 _aThe silver chair
264 1 _aNew York :
_bScholastic Inc. ,
_c1981
300 _a243 pages :
_billustrations ;
_c19 cm
336 _2rdacontent
_atext
337 _2rdamedia
_aunmediated
338 _2rdacarrier
_avolume
650 1 0 _aChildren's stories, English
942 _ddc
_cB
999 _c82060
_d82060